| 000 | 00469nam a22001457a 4500 | ||
|---|---|---|---|
| 008 | 160311b xxu||||| |||| 00| 0 eng d | ||
| 020 | _a1451112481 | ||
| 040 |
_aKabarak University Library _cKabarak University Library |
||
| 100 | _aLynn Pamela | ||
| 245 |
_aLippincott's Photo Atlas of Medication Administration _cPamela Lynn |
||
| 250 | _a4th ed. | ||
| 260 |
_aNew York _bLippincott Williams _c2011 |
||
| 300 | _aiii,85p. | ||
| 942 |
_2lcc _cBK _e4th ed. _hRM147.L962011C.3 |
||
| 999 |
_c15755 _d15755 |
||